000 02408nam0a2200409 i 4500
001 RU\NLR\BIBL_A\010546587
005 20241101004832.0
010 _a9785703839478
_9400
021 _aRU
_b2014-72895
_94464
035 _a(NILC)RuMoRGB-007559461
035 _a(NLR Aleph) 010546587
090 _a10319022
_c10319022
100 _a20141128d2014 km y0rusy50 ca
101 0 _arus
_deng
102 _aRU
105 _aa|||z|||000yy
200 1 _aТеплообмен и тепловые испытания материалов и конструкций аэрокосмической техники при радиационном нагреве
_dHeat transfer and heat testing of materials and aerospace structures with radiant heating
_fВ. Н. Елисеев, В. А. Товстоног
_zeng
210 _aМосква
_cИзд-во МГТУ им. Н.Э. Баумана
_d2014
215 _a395, [1] с.
_cил., табл.
_d22
300 _aАвт. также на англ. яз.: V.N. Eliseev, V.A. Tovstonog
300 _aНа 4-й с. обл. авт.: д-ра техн. наук, профессора: В.Н. Елисеев, В.А. Товстоног
300 _aРез. на англ. яз.
320 _aБиблиогр.: с. 370-390 (319 назв.)
510 1 _6z22790
_aHeat transfer and heat testing of materials and aerospace structures with radiant heating
_zeng
606 1 _aКосмические летательные аппараты
_xТеплозащита
_xМатериалы
_91438758
_3RU\NLR\AUTH\66608593
606 1 _aКосмические летательные аппараты
_xРадиационный нагрев
_91438243
_3RU\NLR\AUTH\66608327
686 1 _aО62-037.1
686 1 _aО62-044.06
700 1 _7ca
_8rus
_aЕлисеев
_bВ. Н.
_cд-р техн. наук
_gВиктор Николаевич
_9139822
_3RU\NLR\AUTH\770139857
701 1 _7ca
_8rus
_aТовстоног
_bВ. А.
_gВалерий Алексеевич
_9139835
_3RU\NLR\AUTH\770139870
790 1 _7ba
_8rus
_aEliseev
_bV. N.
_cд-р техн. наук
_gViktor Nikolaevič
_9139825
_3RU\NLR\AUTH\770139860
790 1 _7ba
_8rus
_aTovstonog
_bV. A.
_gValerij Alekseevič
_9139842
_3RU\NLR\AUTH\770139877
801 0 _aRU
_bРГБ
_c20140930
_gRCR
942 _cBOOK
980 _aNBR